000 01127cam a22002895a 4500
005 20091104224331.0
008 091022s2009 ii ab b 000 0 eng
010 _aENG-95518
020 _a9780198060307
_c595.00
020 _a0198060300
_c595.00
035 _aEN-79051
037 _bDBAD/PUB
040 _aDPL
_beng
082 _a152.4
245 _aHumiliation :
_cedited by Gopal Guru
_bclaims and context /
260 _aNew Delhi
_bOxford University Press
_c2009.
270 _aYMCA Library Buliding, Jai Singh Road
_bNew Delhi
_e110001
300 _axii, 238 p.
_c23 cm (Hb)
504 _aIncludes bibliographical references
650 _aHumiliation
_xSocial aspects
700 _aGopal Guru
856 _uhttp://www.loc.gov/catdir/enhancements/fy1001/2009310535-d.html
856 _uhttp://www.loc.gov/catdir/enhancements/fy1001/2009310535-t.html
942 _2ddc
_cEN
_mHUM
_h152.4
999 _c31964
_d31964